Królowie Arabii Saudyjskiej - Statystyki

Ogólne statystyki
  • Ten quiz został rozwiązany 6 razy
  • Średni wynik to 4 z 7
Statystyki odpowiedzi
Lata panowania Imię Króla % Poprawnych
2005-2015 Abdullah
100%
2015- Salman
75%
1932-1953 Abdulaziz
50%
1975-1982 Chalid
50%
1982-2005 Fahd
50%
1964-1975 Fajsal
50%
1953-1964 Saud
50%
Nie znaleziono quizów pasujących do podanych kryteriów
Rozkład punktacji
Procent ludzi z każdym wynikiem
Percentyl według liczby udzielonych odpowiedzi
Twoja historia wyników
Nie rozwiązałeś tego quizu